Nastupují nové technologie
Faktory, ktoré hýbu trhom kuriérnych, expresných a balíkových služieb. Úspory v kuriérnych a expresných službách. Využitie nových technológií - RFID, úhrada objednaného tovaru prostredníctvom mobilného telefónu. Rezervy v rýchlosti prepravy zásielok. Minimalizácia dopadov prepravných služieb na živo...
Salvato in:
| Autore principale: | |
|---|---|
| Altri autori: | |
| Natura: | Capitolo di libro |
| Lingua: | ceco |
| Soggetti: | |
| Tags: |
Nessun Tag, puoi essere il primo ad aggiungerne!!
|
MARC
| LEADER | 00000naa a2200000 4500 | ||
|---|---|---|---|
| 001 | 0127321 | ||
| 005 | 20231129095756.0 | ||
| 041 | 0 | |a cze | |
| 044 | |a CZ | ||
| 245 | 1 | 0 | |a Nastupují nové technologie |c Petr Bayer, Libor Švadlenka |
| 520 | |a Faktory, ktoré hýbu trhom kuriérnych, expresných a balíkových služieb. Úspory v kuriérnych a expresných službách. Využitie nových technológií - RFID, úhrada objednaného tovaru prostredníctvom mobilného telefónu. Rezervy v rýchlosti prepravy zásielok. Minimalizácia dopadov prepravných služieb na životné prostredie. | ||
| 610 | 2 | 0 | |a doprava nákladná |
| 610 | 2 | 0 | |a doprava cestná nákladná |
| 610 | 2 | 0 | |a služby |
| 610 | 2 | 0 | |a technológie nové |
| 610 | 2 | 0 | |a ochrana prostredia životného |
| 610 | 2 | 0 | |a telefón mobilný |
| 610 | 2 | 0 | |a tovar |
| 100 | 1 | |a Bayer, Petr | |
| 700 | 1 | |a Švadlenka, Libor | |